OPAC | Catalogo Arcigay delle biblioteche LGBTQIA+

Il Catalogo di Arcigay delle Biblioteche LGBTQIA+ è un servizio fornito grazie alla collaborazione tra Arcigay nazionale e le associazioni locali aderenti al progetto che conservano e rendono pubbliche biblioteche a tema LGBTQIA+.

La ballata di Miss Fortune / (Record no. 28896)

MARC details
000 -LEADER
campo di controllo lung. fissa 00846nam a2200253 i 4500
001 - Numero di controllo
campo di controllo IT\ICCU\TO0\1509986
003 - Identificatore del numero di controllo
campo di controllo ItRI
005 - Data e orario dell'ultima transazione
campo di controllo 20260308212814.0
008 - Elementi di lunghezza fissa--Informazione generale
campo di controllo lung. fissa 060516s2006 it |||||| ||||| |||||c
015 ## - Numero della bibliografia nazionale
Fonte IT
Numero della bibliografia nazionale 2007-4444
020 ## - ISBN (International Standard Book Number)
ISBN (International Standard Book Number) 8804548851
040 ## - Fonte della catalogazione
Lingua della catalogazione ita
Agenzia che fa la trascrizione Centro di documentazione Omologie (CIG Arcigay Milano)
041 #7 - Codice di lingua
Codice di lingua del testo/traccia sonora o titolo separato ita
Fonte del codice ISO-639-2
082 ## - Numero di classificazione Decimale Dewey
Numero di classificazione 823.92
Numero dell'edizione 21
100 1# - Accesso principale -- nome di persona
Nome di persona Stace, Wesley
Numero del record di authority o numero standard IT\ICCU\TO0V\571235
Relazione: aut
240 10 - Titolo uniforme
Titolo uniforme Misfortune.
9 (RLIN) Stace, Wesley
245 13 - Formulazione del titolo
Titolo La ballata di Miss Fortune /
Formulazione di responsabilità, ecc. Wesley Stace ; traduzione di Katia Bagnoli e Maurizio Bartocci.
260 ## - Pubblicazione, distribuzione, ecc. (stampa)
Luogo di pubblicazione, distribuzione, ecc. Milano :
Nome dell'editore, distributore, ecc. Mondadori,
Data di pubblicazione, distribuzione, ecc. 2006
300 ## - Descrizione fisica
Estensione 547 p. ;
Dimensioni 21 cm.
700 1# - Accesso aggiunto--nome di persona
Nome di persona Bagnoli, Katia
Numero del record di authority o numero standard IT\ICCU\CFIV\054895
700 1# - Accesso aggiunto--nome di persona
Nome di persona Bartocci, Maurizio
Numero del record di authority o numero standard IT\ICCU\TO0V\259783
830 #0 - Accesso aggiunto di serie--titolo uniforme
Titolo uniforme Strade blu
Numero del record di authority o numero standard IT\ICCU\RAV\0329587
942 ## - Dati aggiuntivi (Koha)
Fonte della classificazione o dello schema di collocazione (segnatura) Classificazione decimale Dewey
Tipo copia default (Koha) Libri
Nasconto in Opac No
Holdings
Status ritirato Status smarrito: Status danneggiato: Escluso dal prestito Biblioteca di appartenenza Biblioteca corrente Data di acquisti Numero d'inventario Totale prestiti Collocazione Codice a barre Data ultima revisione Prezzo effettivo da Tipo copia default (Koha) Nota pubblica Fonte della classificazione o dello schema di collocazione (segnatura)
        BOLOGNA | Centro di Documentazione "Flavia Madaschi" Cassero LGBTQIA+ Center BOLOGNA | Centro di Documentazione "Flavia Madaschi" Cassero LGBTQIA+ Center 15/01/2026 12249   DOC 823.92 STA BO12249 15/01/2026 15/01/2026 Libri 1 v.  
        MILANO | Centro di documentazione Omologie (CIG Arcigay Milano) MILANO | Centro di documentazione Omologie (CIG Arcigay Milano) 08/03/2026     823 STA BAL 11799 08/03/2026 08/03/2026 Libri   Classificazione decimale Dewey
Se cerchi informazioni su Arcigay, le puoi trovare nel nostro sito: www.arcigay.it